Životné minimum od 1. júla 2018
Pojem životné minimum. Vývoj životného minima za posledných 10 rokov. Zmeny vo veličinách, ktoré ovplyvňujú životné minimum.
Enregistré dans:
| Auteur principal: | |
|---|---|
| Format: | Chapitre de livre |
| Langue: | slovaque |
| Sujets: | |
| Tags: |
Pas de tags, Soyez le premier à ajouter un tag!
|
MARC
| LEADER | 00000naa a2200000 4500 | ||
|---|---|---|---|
| 001 | 0247620 | ||
| 005 | 20221104112101.5 | ||
| 041 | 0 | |a slo | |
| 044 | |a SK | ||
| 245 | 1 | 0 | |a Životné minimum od 1. júla 2018 |c Katarína Danajovičová |
| 520 | |a Pojem životné minimum. Vývoj životného minima za posledných 10 rokov. Zmeny vo veličinách, ktoré ovplyvňujú životné minimum. | ||
| 610 | 2 | 0 | |a legislatíva |
| 610 | 2 | 0 | |a Slovensko |
| 610 | 2 | 0 | |a minimum existenčné |
| 610 | 2 | 0 | |a úroveň životná |
| 100 | 1 | |a Danajovičová, Katarína | |